000 01167nam0a22003011 4500
001 rc\2771151
005 20250806202131.0
035 _a(NLR Aleph) 006897523
090 _a28279
_c28279
100 _a20110915d1941 u y0rusy50 ca
101 0 _arus
102 _aRU
105 _aa e |||||
200 1 _aАнгло-русский словарь по механизации строительных работ
_fСост. инж. И. И. Валуцкий, инж. Ш. К. Гарновский
_gПод ред. инж. Н. М. Вестерского
210 _aМосква
_cГостехиздат
_cОГИЗа РСФСР
_d1941
215 _a418, [1] с., 16 л. ил.
_d13 см.
300 _aПарал. тит. л. на англ. яз.
700 1 _aВалуцкий
_bИ.И.
_gИван Иванович
701 1 _aТарновский
_bЮ.К.
702 1 _aВестерский
_bН.М.
_4340
801 0 _aRU
_bNLR
_gpsbo
801 1 _aRU
_bELAR
_2rusmarc
852 _aNLR
_j186анг-рус/стр.В-15
942 _cBOOK
945 _aРоссийская национальная библиотека
980 _aNB
980 _aBV